000 00314nam a2200121Ia 4500
008 240731s9999 xx 000 0 und d
022 _a2230-410X
245 0 _aReports in Theoretical Chemistry
260 _bDove Medical Press
856 _uhttps://www.tandfonline.com/loi/drtc20
942 _2ddc
942 _cTFEJ
999 _c79176
_d79176
945 _a1
_bMadushi Gamage
_c1
_dMadushi Gamage